Elementos de geometría superior
-д хадгалсан:
| Үндсэн зохиолч: | |
|---|---|
| Формат: | Ном |
| Хэл сонгох: | испани |
| Хэвлэсэн: |
Ciudad de México
Continental
1968
|
| Нөхцлүүд: | |
| Шошгууд: |
Шошго нэмэх
Шошго байхгүй, Энэхүү баримтыг шошголох эхний хүн болох!
|
MARC
| LEADER | 00000nam a2200000 a 4500 | ||
|---|---|---|---|
| 001 | UCT3286 | ||
| 003 | CL-VaPUC | ||
| 008 | 961018e19680000MX |||||||||||||||||spa|d | ||
| 082 | 0 | 4 | |a 516 |b MOI |2 21 |
| 100 | |a Moise, Edwin E. |e autor |9 547639 | ||
| 245 | 1 | 0 | |a Elementos de geometría superior |
| 300 | |a 529 p | ||
| 942 | |c BK | ||
| 945 | |d 19961018 00:00:00 |a lriquelm | ||
| 260 | |a Ciudad de México |b Continental |c 1968 | ||
| 650 | 0 | |a Geometría |9 264063 | |
| 650 | 0 | |a Conjuntos |9 342214 | |
| 650 | 0 | |a Números reales |9 270334 | |
| 650 | 0 | |a Ángulos |9 342215 | |
| 650 | 0 | |a Geometría plana |9 265855 | |
| 650 | 0 | |a Teoría de números |9 265327 | |
| 650 | 7 | |a GEOMETRIA DEL ESPACIO |2 CL-VaPUC |9 265986 | |
| 583 | |a last modification |c 19961018 00:00:00 |k Rodrigo Vera | ||
| 999 | |c 252994 |d 252992 | ||